书目信息 |
| 题名: |
匈牙利社会主义革命
|
|
| 作者: | 库恩·贝拉 , Kun Béla 著 ;洪建平 译 ;匈牙利社会主义工人党中央委员会党史研究所 编 | |
| 分册: | ||
| 出版信息: | 北京 中共中央党校出版社 1984 |
|
| 页数: | 561页 | |
| 开本: | 20cm | |
| 丛书名: | ||
| 单 册: | ||
| 中图分类: | D751.509 | |
| 科图分类: | ||
| 主题词: | 社会主义革命--匈牙利--文献 | |
| 电子资源: | ||
| ISBN: | ||
| 000 | 01029nam0 2200277 45 | |
| 001 | 0184000939 | |
| 005 | 20060808172038.53 | |
| 010 | @dCNY2.70 | |
| 091 | @aCN@b3230.209 | |
| 100 | @a19960215d1984 em y0chiy0121 ea | |
| 101 | 1 | @achi@chun |
| 102 | @aCN@b110000 | |
| 105 | @ay z 000yy | |
| 200 | 10 | @a匈牙利社会主义革命@Axiong ya li she hui zhu yi ge ming@f(匈)库恩·贝拉(Kun Béla)著@g匈牙利社会主义工人党中央委员会党史研究所编@g洪建平等译 |
| 210 | @a北京@c中共中央党校出版社@d1984 | |
| 215 | @a561页@d20cm | |
| 300 | @a书名原文:Szocialista forradalom magyarorszagon | |
| 510 | 1 | @aSzocialista forradalom magyarorszagon@zhun |
| 606 | @a社会主义革命@y匈牙利@x文献 | |
| 690 | @aD751.509@v3 | |
| 701 | 1 | @a库恩·贝拉@Aku en bei la@4著 |
| 701 | A1 | @aKun Béla@4著 |
| 702 | 0 | @a洪建平@Ahong jian ping@4译 |
| 712 | 02 | @a匈牙利社会主义工人党中央委员会党史研究所@Axiong ya li she hui zhu yi gong ren dang zhong yang wei yuan hui dang shi yan jiu suo@4编 |
| 801 | 0 | @aCN@bTSSF@c20060808 |
| 905 | @a10447@dD751.509@e273 | |
| 匈牙利社会主义革命/(匈)库恩·贝拉(Kun Béla)著/匈牙利社会主义工人党中央委员会党史研究所编/洪建平等译.-北京:中共中央党校出版社,1984 |
| 561页;20cm |
| 书名原文:Szocialista forradalom magyarorszagon |
| ISBN :CNY2.70 |
| ● |
| 相关链接 |
|
|
|
|
正题名:匈牙利社会主义革命
索取号:D751.509/273
 
预约/预借
| 序号 | 登录号 | 条形码 | 馆藏地/架位号 | 状态 | 备注 |
| 1 | 0447522 | 204475228 | 密集书库/ [索取号:D751.509/273] | 在馆 | |
| 2 | 0447523 | 204475237 | 密集书库/ [索取号:D751.509/273] | 在馆 |